| 000 | 00582nam a2200169 a 4500 | ||
|---|---|---|---|
| 001 | 000016406 | ||
| 005 | 20200929164418.0 | ||
| 008 | 100304s2001 dr a 000 0 spa d | ||
| 040 |
_aDO-SdBNP _bspa _cBNPHU |
||
| 082 |
_axxx _bN364f |
||
| 245 | 0 | 0 | _aNecesidades de formación y capacitación profesional en el sector construcción de la República Dominicana. |
| 260 |
_aSanto Domingo : _bINFOTEP, _c2001. |
||
| 300 |
_a67 p. : _bil. ; _c25 cm. |
||
| 500 | _aIncluye bibliografías [p. 67] | ||
| 710 | 2 |
_aInstituto Nacional de Formación Técnico Profesional _935749 |
|
| 049 | _aBNPD | ||
| 999 |
_c15941 _d15941 |
||